01213 a2200241 4500003000500000005001700005010001600022020001500038035002100053040000900074082001200083245008600095260004400181300002600225505046300251538002900714650003600743700002100779710003700800942001200837999001900849952010300868Nust20170207153244.0 a 99952867 a817319341X a(DLC) 99952867 cNust00a621.38200aEmerging communication technologies and the society /cedited by N. Balakrishnan. aNew Delhi :bNarosa Pub. House,cc2000. axvi, 132 p. ;c23 cm. aLightwave Communications (Page-1), Future Fiber Optic Networking (Page-9), Indian Telecom And Internet Tangel (Page-29), Satellite Communications And Its Impact On Society (Page-43), Internet Packet Transport (Page-63), The Universal Digital Library (Page-83), Adaptive Network Load Models To Cope With Multimedia Induced Network Dynamics (Page-95), The Net-University (Page-109), CHOIS For Disseminating Infotainment/ Internet In Indian Society (Page-127). aAlmirah No.36 Shelf No.4 0aTelecommunications engineering.1 aBalakrishnan, N.2 aIndian national Science Academy. 2ddccBK c182516d182516 00102ddc40708NFICaMCSbMCSd2016-12-12l0o621.382 EMEpMCS28189r2016-12-08w2016-12-12yBK